UT UNUM SINT. RIVISTA ECUMENICA. LUGLIO-AGOSTO 1970. (Record n. 324474)

Dettagli MARC
000 -LEADER
fixed length control field 01481nas a2200277Ia 4500
001 - CONTROL NUMBER
control field R262-R5934
003 - CONTROL NUMBER IDENTIFIER
control field IT-CnALBA
008 - FIXED-LENGTH DATA ELEMENTS--GENERAL INFORMATION
fixed length control field 170116c99999999xx |||||||||||| ||und||
040 ## - CATALOGING SOURCE
Original cataloging agency IT-CnALBA
Transcribing agency IT-CnALBA
041 ## - LANGUAGE CODE
Language code of text/sound track or separate title ITALIANO
999 ## - SYSTEM CONTROL NUMBERS (KOHA)
Koha Dewey Subclass [OBSOLETE] NO
100 ## - MAIN ENTRY--PERSONAL NAME
Personal name SAN MARTINO A.
210 ## - ABBREVIATED TITLE
Abbreviated title UT UNUM SINT
222 ## - KEY TITLE
Key title UT UNUM SINT
245 #0 - TITLE STATEMENT
Title UT UNUM SINT. RIVISTA ECUMENICA. LUGLIO-AGOSTO 1970.
250 ## - EDITION STATEMENT
Edition statement 1a ed.
260 ## - PUBLICATION, DISTRIBUTION, ETC. (IMPRINT)
Place of publication, distribution, etc. ROMA
Name of publisher, distributor, etc. CENTRO UT UNUM SINT
Date of publication, distribution, etc. 1970 [1° Ed.:1970 - Ed.Ling.Originale: 1970]
300 ## - PHYSICAL DESCRIPTION
Extent 96 p.
310 ## - CURRENT PUBLICATION FREQUENCY
Current publication frequency BIMESTRALE
362 ## - DATES OF PUBLICATION AND/OR SEQUENTIAL DESIGNATION
Dates of publication and/or sequential designation Fascicolo: 28 / Anno: 9 (1970)
500 ## - GENERAL NOTE
General note PATTARO G. VINAY V. BELLINI A. BARBAGLIO G. MARAFINI G. MATRIMONI MISTI E DIRETTORIO ECUMENICO. LA CHIESA SACRAMENTO DI SALVEZZA. MINISTERI ED EVANGELIZZAZIONE. ECUMENISMO VOCAZIONE ALLA PIENEZZA. TIMORE E FORZA, DONO DELLO SPIRITO. L'ECUMENISMO NELL'INSEGNAMENTO SUPERIORE. DOCUMENTAZIONE. FORMAZIONE ECUMENICA NEL CLERO, NOTIZIARIO.
501 ## - WITH NOTE
With note Società San Paolo EM - Piazza San Paolo, 14 - 12051 ALBA (CN) (non commercial uses only) ® Copyright 2017
520 ## - SUMMARY, ETC.
Summary, etc. PATTARO G. VINAY V. BELLINI A. BARBAGLIO G. MARAFINI G. MATRIMONI MISTI E DIRETTORIO ECUMENICO. LA CHIESA SACRAMENTO DI SALVEZZA. MINISTERI ED EVANGELIZZAZIONE. ECUMENISMO VOCAZIONE ALLA PIENEZZA. TIMORE E FORZA, DONO DELLO SPIRITO. L'ECUMENISMO NELL'INSEGNAMENTO SUPERIORE. DOCUMENTAZIONE. FORMAZIONE ECUMENICA NEL CLERO, NOTIZIARIO.
650 ## - SUBJECT ADDED ENTRY--TOPICAL TERM
Topical term or geographic name as entry element ECCLESIOLOGIA
942 ## - ADDED ENTRY ELEMENTS (KOHA)
Koha item type RIVISTA
957 ## -
-- 1
999 ## - SYSTEM CONTROL NUMBERS (KOHA)
-- 1
Dati di copia
Withdrawn status Lost status Damaged status Not for loan Home library Current library Date acquired Total Checkouts Full call number Date last seen Price effective from Koha item type Public note
    Buone Condizioni Not For Loan ALBA - Biblioteca ALBA - Biblioteca 16/01/2017   R262-R5934 16/01/2017 16/01/2017 RIVISTA (data import: 16 gennaio 2017) - By Epidotti, Vaglietti.
CREDITS: SOCIETA' SAN PAOLO Via A.Severo, 58 - ROMA (RM) & PERIODICI SAN PAOLO SRL Via Giotto, 36 MILANO & CISF Via Giotto, 36 MILANO & EDIZIONI SAN PAOLO SRL,  Piazza Soncino, 5 CINISELLO BALSAMO (MI) -- ITALY